[Event "36th Olympiad w"]
[Site "Calvia ESP"]
[Date "2004.10.29"]
[Round "14"]
[White "Milliet,S"]
[Black "Kosintseva,N"]
[Result "0-1"]
[WhiteElo "2299"]
[BlackElo "2446"]

1.e4 c5 2.c3 Nf6 3.e5 Nd5 4.Nf3 Nc6 5.d4 cxd4 6.cxd4 d6 7.Bc4 Nb6 8.Bb5 dxe5
9.Nxe5 Bd7 10.Nxd7 Qxd7 11.Nc3 e6 12.O-O Rd8 13.Bg5 Be7 14.Bxe7 Qxe7 15.Qf3 O-O
16.Bxc6 bxc6 17.Qxc6 Rxd4 18.Rfd1 Rc4 19.Qd6 Qf6 20.Rd3 Rf4 21.Rad1 g6 22.Qc7 Rxf2
23.Ne4 Qf4 24.Qc3 Nd5 25.Rxd5 Rxg2+ 26.Kxg2 Qxe4+ 27.Qf3 exd5 28.Rxd5 Qc2+
29.Qf2 Qc4 30.Qd4 Qxa2 31.h4 h5 32.Rd7 Rb8 33.Rd8+ Rxd8 34.Qxd8+ Kh7 35.Qd4 a6
36.Kf2 Qe6 37.Qa7 Kg7 38.b4 Qf6+ 39.Ke3 Qc3+  0-1

[Event "36th Olympiad"]
[Site "Calvia ESP"]
[Date "2004.10.29"]
[Round "14"]
[White "Rohl,J"]
[Black "Michelakis,G"]
[Result "1/2-1/2"]
[WhiteElo "2401"]
[BlackElo "2438"]

1.e4 c5 2.c3 Nf6 3.e5 Nd5 4.d4 cxd4 5.Nf3 Nc6 6.Bc4 Nb6 7.Bb3 d6 8.exd6 Qxd6
9.O-O Be6 10.Na3 dxc3 11.Qe2 Bxb3 12.Nb5 Qb8 13.axb3 g6 14.Rd1 Bg7 15.Nd6+ Kf8
16.Nxf7 cxb2 17.Bxb2 Bxb2 18.Qxb2 Kxf7 19.Ng5+ Kg8 20.b4 Qf4 21.Ne6 Qf7 22.Ng5 Qf4
23.Ne6 Qf7 24.Ng5  1/2-1/2

[Event "8th OIBM"]
[Site "Bad Wiessee GER"]
[Date "2004.10.30"]
[Round "2"]
[White "Hohlfeld,W"]
[Black "Milanovic,Da"]
[Result "0-1"]
[WhiteElo "2156"]
[BlackElo "2434"]

1.e4 c5 2.c3 Nf6 3.e5 Nd5 4.d4 cxd4 5.Nf3 e6 6.cxd4 d6 7.a3 Bd7 8.Bd3 Bc6
9.O-O Nd7 10.Ng5 dxe5 11.Nxe6 fxe6 12.Qh5+ g6 13.Bxg6+ hxg6 14.Qxg6+ Ke7
15.Bg5+ Kd6 16.Bxd8 Rxd8 17.dxe5+ Nxe5 18.Qg3 Bh6 19.Nc3 Bf4 20.Qg7 Bxh2+
21.Kh1 Bf4+ 22.Kg1 Nf3+ 23.gxf3 Bh2+ 24.Kh1 Be5+ 25.Qxh8 Rxh8+  0-1

[Event "4th Rohde Open"]
[Site "Sautron FRA"]
[Date "2004.10.31"]
[Round "9"]
[White "Fantin,L"]
[Black "Prodhomme,B"]
[Result "1-0"]
[WhiteElo "2175"]
[BlackElo "2005"]

1.e4 c5 2.c3 Nf6 3.e5 Nd5 4.Nf3 Nc6 5.Bc4 Nb6 6.Bb3 c4 7.Bc2 Qc7 8.Qe2 g5
9.h3 Bg7 10.O-O Nxe5 11.Nxg5 Nd5 12.Na3 Bh6 13.d4 cxd3 14.Bxd3 Nxd3 15.Qxd3 Nf4
16.Nb5 Qe5 17.Bxf4 Qxf4 18.Ne4 a6 19.Qd4 Rg8 20.Rfe1 Kf8 21.Na7 Bg7 22.Qb6 Be5
23.g3 Bc7 24.Qd4 Qe5 25.Nxc8 Qxd4 26.cxd4 Rxc8 27.Rac1 Kg7 28.Nc5 Ba5 29.Rxe7 d6
30.Nb3 Rxc1+ 31.Nxc1 Rc8 32.Nb3 Rc7 33.Rxc7 Bxc7 34.f4 Kf6 35.Kf2 h5 36.Ke3 Ke6
37.Nd2 f5 38.Kd3 Kd5 39.Nc4 b5 40.Ne3+ Ke6 41.d5+ Kf6 42.Ke2 Bb6 43.Kf3 Bd4
44.b3 Bb6 45.Nc2 Bc5 46.Ne1 Bb6 47.Nd3 Bc5 48.g4 fxg4+ 49.hxg4 hxg4+ 50.Kxg4 Ba3
51.f5 a5 52.Kf4 Kg7 53.Kg5 Kf7 54.f6 Bc5 55.Nxc5 dxc5 56.d6  1-0

[Event "TCh-SLO"]
[Site "Celje SLO"]
[Date "2004.11.01"]
[Round "4"]
[White "Jeric,S"]
[Black "Mazi,L"]
[Result "1/2-1/2"]
[WhiteElo "2319"]
[BlackElo "2401"]

1.e4 c5 2.c3 Nf6 3.e5 Nd5 4.d4 cxd4 5.cxd4 d6 6.Nf3 e6 7.Bc4 Nb6 8.Bb3 dxe5
9.Nxe5 N8d7 10.Qe2 Nf6 11.Be3 Be7 12.Nc3 O-O 13.O-O Nbd5 14.Rad1 Bd7 15.Rfe1 Bc6
16.Nxc6 bxc6 17.Na4 Nxe3 18.fxe3 Qa5 19.Rc1 Rac8 20.Nc5 Rb8 21.Rc2 Rfd8 22.Rec1 Nd5
23.Qa6 Qb6 24.Bxd5 Bxc5 25.Qxb6 Bxb6 26.Bxc6 e5 27.b3 exd4 28.exd4 Rxd4 29.Kf1 Rbd8
30.Bf3 g6 31.Rc8 Rd2 32.Rxd8+ Bxd8 33.Rd1 Rxd1+  1/2-1/2

[Event "TCh-SLO"]
[Site "Celje SLO"]
[Date "2004.11.01"]
[Round "4"]
[White "Sermek,D"]
[Black "Hulak,K"]
[Result "1-0"]
[WhiteElo "2547"]
[BlackElo "2546"]

1.e4 c5 2.c3 Nf6 3.e5 Nd5 4.Nf3 Nc6 5.Bc4 e6 6.d4 cxd4 7.cxd4 d6 8.O-O Be7
9.Qe2 O-O 10.Qe4 Bd7 11.exd6 Bxd6 12.Bxd5 exd5 13.Qxd5 Be6 14.Qh5 Qd7 15.h3 g6
16.Qh4 f6 17.Nc3 Bf5 18.d5 Nb4 19.Nd4 g5 20.Qh5 Bg6 21.Qf3 Rae8 22.a3 Nc2
23.Nxc2 Bxc2 24.Be3 Bb8 25.Bd4 Bf5 26.Rfe1 g4 27.hxg4 Bxg4 28.Qd3 Qc7 29.g3 Qf7
30.Kg2 b6 31.Rxe8 Rxe8 32.Rh1 Bh5 33.Qf5 Bg6 34.Qxf6 Qxf6 35.Bxf6 h5 36.Rd1 Kf7
37.Bg5 Bf5 38.d6 Bd7 39.Be7 Bc6+ 40.Kh3 Ke6 41.f4 Kd7 42.Nd5 Ke6 43.Nf6 Rxe7
44.dxe7 Kxf6 45.Rd8  1-0

[Event "8th OIBM"]
[Site "Bad Wiessee GER"]
[Date "2004.11.03"]
[Round "5"]
[White "Vysochin,S"]
[Black "Metz,Ha"]
[Result "1-0"]
[WhiteElo "2582"]
[BlackElo "2260"]

1.e4 c5 2.c3 Nf6 3.e5 Nd5 4.Nf3 Nc6 5.d4 cxd4 6.cxd4 d6 7.Bc4 e6 8.O-O Be7
9.Qe2 Nb6 10.Bb3 a6 11.Nc3 d5 12.Bc2 Bd7 13.Be3 Nc4 14.Bd3 b5 15.a4 b4 16.Na2 N6a5
17.Nc1 Qb6 18.b3 Nxe3 19.fxe3 O-O 20.Qc2 h6 21.Ne2 Rac8 22.Qd1 f5 23.exf6 gxf6
24.Nf4 Bd6 25.Ne5 Bxe5 26.Qg4+ Kf7 27.Nxd5  1-0

[Event "WYb16"]
[Site "Heraklio GRE"]
[Date "2004.11.05"]
[Round "2"]
[White "Ragger,M"]
[Black "Papadopoulos,I"]
[Result "1/2-1/2"]
[WhiteElo "2428"]
[BlackElo "2259"]

1.e4 c5 2.c3 Nf6 3.e5 Nd5 4.Nf3 Nc6 5.Bc4 Nb6 6.Bb3 d5 7.exd6 Qxd6 8.O-O Be6
9.Na3 Bxb3 10.Qxb3 Qd3 11.Re1 e6 12.Nb5 c4 13.Qd1 O-O-O 14.b3 cxb3 15.Qxb3 Nd5
16.Rb1 Rd7 17.Nxa7+ Nxa7 18.Ne5 Qxb1 19.Qxb1 Rc7 20.Qe4 Bd6 21.g3 Nf6 22.Qa4 Kb8
23.Ba3 Rd8 24.Bxd6 Rxd6 25.d4 Rd8 26.Rb1 Nd5 27.Rb2 Nxc3 28.Qb4 Nd5 29.Qb3 Rdc8
30.Kg2 b6 31.Qd3 h6 32.a4 Kb7 33.Qe4 Rd8 34.Nd3 Nc6 35.Nc5+ Kc8 36.Nb3 Ra7
37.Rc2 Rc7 38.Qg4 g6 39.Qe2 Kd7 40.Qb5 Kd6 41.Qe2 Ra8 42.Qb5 Rac8 43.Qe2 h5
44.h4 Ra8 45.Nd2 Rxa4 46.Nc4+ Ke7 47.Ne3  1/2-1/2

[Event "WYb14"]
[Site "Heraklio GRE"]
[Date "2004.11.05"]
[Round "2"]
[White "Can,E"]
[Black "Andreikin,D"]
[Result "0-1"]
[WhiteElo "2192"]
[BlackElo "2451"]

1.e4 c5 2.c3 Nf6 3.e5 Nd5 4.d4 cxd4 5.Nf3 Nc6 6.cxd4 d6 7.Bc4 dxe5 8.dxe5 Nb6
9.Qxd8+ Nxd8 10.Bb5+ Bd7 11.Nc3 e6 12.O-O a6 13.Bxd7+ Nxd7 14.Bf4 Nc6 15.Rfd1 Nb6
16.Rac1 Bb4 17.Ne4 Nd5 18.Bd2 Be7 19.Bg5 Bf8 20.Nc3 Nb6 21.Ne4 h6 22.Bh4 Nd5
23.Nc3 Nxc3 24.Rxc3 g5 25.Bg3 Rd8 26.Rxd8+ Kxd8 27.h4 Be7 28.h5 Kc7 29.Nh2 Kb8
30.Rf3 Rf8 31.Rd3 Nb4 32.Rb3 Nc2 33.Rd3 Nb4 34.Rc3 Nxa2 35.Rf3 Nc1 36.Ng4 Ne2+
37.Kh2 Nd4 38.Rd3 Nf5 39.f3 Rd8 40.Rxd8+ Bxd8 41.Be1 Be7 42.Bd2 Kc8 43.Nf6 Bxf6
44.exf6 Kd7 45.g4 Nd4 46.Kg2 e5 47.Bb4 Ne6 48.Kf2 Kc6 49.Ke3 Kd5 50.Kd3 Nc5+
51.Ke3 b6 52.Ba3 a5 53.b3 b5  0-1

[Event "WYb18"]
[Site "Heraklio GRE"]
[Date "2004.11.06"]
[Round "4"]
[White "Nepomniachtchi,I"]
[Black "Obregon,A"]
[Result "1/2-1/2"]
[WhiteElo "2492"]
[BlackElo "2297"]

1.e4 c5 2.c3 Nf6 3.e5 Nd5 4.d4 cxd4 5.Nf3 e6 6.cxd4 d6 7.Bc4 Nc6 8.Qe2 dxe5
9.dxe5 Bb4+ 10.Nbd2 O-O 11.a3 Be7 12.O-O Qc7 13.b4 b6 14.Bb2 Bb7 15.Rac1 Nf4
16.Qe3 Ng6 17.Bb5 Qd7 18.Ne4 Rfd8 19.Ba4 Rac8 20.Rfd1 Qe8 21.h4 h5 22.Nd6 Bxd6
23.exd6 f6 24.Nd4 Rxd6 25.Nxc6 Rxd1+ 26.Bxd1 Rxc6 27.Bxh5 Rxc1+ 28.Qxc1 Qf7
29.Qc2 Kh7 30.f4 Kh6 31.Bc1 f5 32.Bxg6  1/2-1/2

[Event "TCh-BEL 2004-5"]
[Site "Belgium BEL"]
[Date "2004.11.07"]
[Round "3"]
[White "Croonenborghs,T"]
[Black "De Haan,E"]
[Result "0-1"]
[WhiteElo "2195"]
[BlackElo "2280"]

1.e4 c5 2.c3 Nf6 3.e5 Nd5 4.d4 cxd4 5.Nf3 e6 6.cxd4 d6 7.Nc3 Nxc3 8.bxc3 Qc7
9.Bd2 Nd7 10.exd6 Bxd6 11.Bd3 O-O 12.O-O b6 13.Ng5 Nf6 14.Qf3 Bb7 15.Qh3 h6
16.f4 hxg5 17.fxg5 Ne4 18.Rf3 Rfe8 19.Raf1 Bxh2+ 20.Kh1 Ng3+ 21.Rxg3 Qxg3
22.Qh7+ Kf8 23.Rxf7+ Kxf7 24.Bg6+ Ke7 25.Qxg7+ Kd6 26.Qxb7 Rf8 27.c4 Rf1+  0-1

[Event "WYg18"]
[Site "Heraklio GRE"]
[Date "2004.11.10"]
[Round "7"]
[White "Burtasova,A"]
[Black "Novak,K"]
[Result "1-0"]
[WhiteElo "2273"]
[BlackElo "2136"]

1.e4 c5 2.c3 Nf6 3.e5 Nd5 4.d4 cxd4 5.Nf3 Nc6 6.Bc4 e6 7.cxd4 d6 8.O-O Be7
9.Qe2 O-O 10.Nc3 Nxc3 11.bxc3 dxe5 12.dxe5 Qa5 13.Bd3 f5 14.exf6 Bxf6 15.Rb1 a6
16.Qc2 Qh5 17.Re1 b5 18.a4 bxa4 19.Be4 Bd7 20.Rd1 Be8 21.Ba3 Rf7 22.Rd6 Rc8
23.Bxc6  1-0

[Event "WYg14"]
[Site "Heraklio GRE"]
[Date "2004.11.12"]
[Round "10"]
[White "Tairova,E"]
[Black "Ohme,M"]
[Result "1-0"]
[WhiteElo "2271"]
[BlackElo "2022"]

1.e4 c5 2.c3 Nf6 3.e5 Nd5 4.d4 cxd4 5.Nf3 Nc6 6.cxd4 e6 7.Bc4 Nb6 8.Bb3 d6
9.Qe2 dxe5 10.dxe5 Nd4 11.Nxd4 Qxd4 12.O-O Nd7 13.Re1 Bb4 14.Nc3 O-O 15.Bg5 h6
16.Bd2 Nxe5 17.Rad1 Ng6 18.a3 Bxc3 19.Bxc3 Qh4 20.Bb4 Rd8 21.Rxd8+ Qxd8 22.Rd1 Qg5
23.Qf3 Nh4 24.Qg3 b6 25.f4 Qxg3 26.Rd8+ Kh7 27.hxg3 Ng6 28.f5 Ne5 29.fxe6 fxe6
30.Bc2+ g6 31.Bc3 Nf7 32.Rf8  1-0

[Event "WYb14"]
[Site "Heraklio GRE"]
[Date "2004.11.13"]
[Round "11"]
[White "Khairullin,I"]
[Black "Nguyen Ngoc Truongson"]
[Result "1/2-1/2"]
[WhiteElo "2514"]
[BlackElo "2527"]

1.e4 c5 2.c3 Nf6 3.e5 Nd5 4.d4 cxd4 5.Nf3 Nc6 6.cxd4 d6 7.Bc4 e6 8.Qe2 Be7
9.O-O O-O 10.Re1 Na5 11.Bd3 Nb4 12.exd6 Qxd6 13.Be4 f5 14.Bc2 b6 15.Ba4 Bf6
16.Nc3 a6 17.a3 Nd5 18.Bd2 b5 19.Nxd5 Qxd5 20.Bxa5 bxa4 21.Bb4 Re8 22.Rac1 Bb7
23.Red1 a5 24.Bd2 Rac8 25.Bf4 h6 26.Bc7 Qb3 27.Rc3 Bxf3 28.Rxf3 Qd5 29.Be5 Bxe5
30.dxe5 Red8 31.Rxd5 Rc1+ 32.Qf1 Rxf1+ 33.Kxf1 Rxd5 34.Rf4 Rd1+ 35.Ke2 Rb1
36.Rxa4 Rxb2+ 37.Ke3 Rb5 38.f4 g5 39.g3 Kf7 40.Rd4 Ke7 41.a4 Rb3+ 42.Rd3 Rb1
43.Rc3 Rb4 44.Rc7+ Kd8 45.Rh7 Re4+ 46.Kf3 g4+ 47.Kf2 Rxa4 48.Rxh6 Kd7 49.h4 gxh3
50.Rxh3 Ra1 51.Rh8 a4 52.Ra8 a3 53.Kg2 Kc6 54.Ra6+ Kb5 55.Ra8 Kc4 56.Ra6 Kb5
57.Ra8 Kb4 58.Rb8+ Kc5 59.Ra8 Kb6 60.Rb8+ Kc5 61.Ra8 Ra2+ 62.Kf3 Ra1  1/2-1/2

[Event "WYg18"]
[Site "Heraklio GRE"]
[Date "2004.11.13"]
[Round "11"]
[White "Burtasova,A"]
[Black "Muhren,B"]
[Result "1/2-1/2"]
[WhiteElo "2273"]
[BlackElo "2343"]

1.e4 c5 2.c3 Nf6 3.e5 Nd5 4.Nf3 e6 5.d4 cxd4 6.cxd4 d6 7.a3 Bd7 8.Bd3 Bc6
9.O-O Nd7 10.Re1 Be7 11.Bc2 Qc7 12.Nbd2 dxe5 13.Nxe5 Nxe5 14.dxe5 O-O-O 15.b4 h5
16.Bb2 Kb8 17.Be4 f5 18.exf6 gxf6 19.Rc1 Qf4 20.Qe2 Nxb4 21.Nc4 Qxe4 22.Qxe4 Bxe4
23.axb4 Bd5 24.b5 b6 25.Ne3 e5 26.f4 Bc5 27.Rxc5 bxc5 28.fxe5 f5 29.Nxf5 Rhg8
30.g3 Rg5 31.Ne7 Rg7 32.Nf5 Rg5 33.Ne7 Rg7 34.Nf5 Rf7 35.Nd6 Re7 36.Rc1 c4
37.Bd4 Rf8 38.Rc3 Be6 39.Ne4 Rb7 40.Bc5 Rc8 41.Bd6+ Ka8 42.Nc5 Rxc5 43.Bxc5 Rxb5
44.Bd6 Rb1+ 45.Kf2 Rb2+ 46.Ke3 Rxh2 47.Kf4 Rf2+ 48.Kg5 Rf5+ 49.Kg6 Kb7 50.Rxc4 Bxc4
51.Kxf5 Kc6 52.Kg5 Be2 53.Kf6 Kd7 54.Bc5 a6 55.Kf7 Bc4+ 56.Kg6  1/2-1/2

[Event "British Rapidplay"]
[Site "Halifax ENG"]
[Date "2004.11.14"]
[Round "10"]
[White "Howell,D"]
[Black "Gormally,D"]
[Result "1-0"]
[WhiteElo "2340"]
[BlackElo "2472"]

1.e4 c5 2.c3 Nf6 3.e5 Nd5 4.d4 cxd4 5.Nf3 Nc6 6.cxd4 d6 7.Bc4 Nb6 8.Bb5 dxe5
9.Nxe5 Bd7 10.Nxd7 Qxd7 11.Nc3 e6 12.O-O Be7 13.Qg4 O-O 14.Bxc6 Qxc6 15.Bh6 Bf6
16.Rfd1 Kh8 17.Ne4 Rg8 18.Bg5 Nd5 19.Qh4 e5 20.dxe5 Bxe5 21.Rac1 Qe6 22.Nc5 Qf5
23.g4 Bxh2+ 24.Kxh2 Qe5+ 25.Kg2 Nf4+ 26.Bxf4 Qxf4 27.Qg3 Qb4 28.Nd3 Qa4 29.Ne5 Qe4+
30.Kg1 Rgf8 31.Re1 Qd4 32.Qc3 Qf4 33.Qc4 Qg5 34.Rc3 Kg8 35.Rf3 Rac8 36.Qb3 Qe7
37.Qe3 Qb4 38.Nd3 Qxg4+ 39.Rg3 Qf5 40.Qxa7 Rcd8 41.Qe3 g6 42.Qf3 Qa5 43.Re3 Qxa2
44.Qxb7 Rd4 45.Kg2 Qb1 46.Qf3 Rh4 47.Re1 Qc2 48.Rh3 Rxh3 49.Qxh3 Rd8 50.Re3 h5
51.Qf3 Rd4 52.Ne5 Qc7 53.Qf6 Rd6 54.Qf4 Re6 55.Nd3 Rd6 56.Re8+ Kh7 57.Ne5 Kg7
58.Nf3 Qc6 59.Re7 Rf6 60.Qe4 Qd6 61.Rb7 Kg8 62.Qe8+ Qf8 63.Qxf8+ Kxf8 64.Ne5 Rf5
65.Nc6 Ke8 66.b4 Re5  1-0

[Event "Acropolis IM Open"]
[Site "Athens GRE"]
[Date "2004.11.17"]
[Round "2"]
[White "Hadzimanolis,A"]
[Black "Parligras,M"]
[Result "0-1"]
[WhiteElo "2314"]
[BlackElo "2559"]

1.e4 c5 2.c3 Nf6 3.e5 Nd5 4.d4 cxd4 5.cxd4 e6 6.Nc3 Nxc3 7.bxc3 d6 8.Nf3 Qc7
9.Bd2 Nd7 10.Bd3 dxe5 11.O-O Be7 12.Re1 exd4 13.cxd4 Nf6 14.Rc1 Qd8 15.Ne5 O-O
16.Bg5 Bd7 17.Re3 g6 18.Rf3 Kg7 19.Qd2 Ng8 20.Bf4 f6 21.Rh3 fxe5 22.Bxe5+ Bf6
23.Qg5 Be8 24.Qh4 h6 25.Qe4 Bxe5 26.dxe5 Qe7 27.Rg3 Rd8 28.h4 Kh8 29.Qe3 Qxh4
30.Rc7 Rd7 31.Rxd7 Bxd7 32.Rxg6 Bc6 33.Rxe6 Bxg2  0-1

[Event "ch-CRO"]
[Site "Zagreb CRO"]
[Date "2004.11.18"]
[Round "3"]
[White "Stevic,H"]
[Black "Jankovic,A"]
[Result "1/2-1/2"]
[WhiteElo "2539"]
[BlackElo "2477"]

1.e4 c5 2.c3 Nf6 3.e5 Nd5 4.d4 cxd4 5.Nf3 Nc6 6.cxd4 d6 7.Bc4 e6 8.O-O Be7
9.Qe2 O-O 10.Rd1 Bd7 11.Bd2 Ndb4 12.exd6 Bxd6 13.a3 Nd5 14.Nc3 Nce7 15.Ne5 Nxc3
16.bxc3 Bxe5 17.Qxe5 Ng6 18.Qg3 Ba4 19.Rdb1 Bc6 20.Bg5 Qa5 21.h4 h6 22.h5 Qxg5
23.Qxg5 hxg5 24.hxg6 Rac8 25.gxf7+ Kxf7 26.Rb4 Rfd8 27.Re1 Rd6 28.Re5 Bd7
29.a4 b6 30.a5 Kf6 31.f3 Rc7 32.axb6 Rxb6 33.Rxb6 axb6 34.Bb5 Bxb5 35.Rxb5 Rxc3
36.Rxb6 Rd3 37.Rb4  1/2-1/2

[Event "Acropolis IM Open"]
[Site "Athens GRE"]
[Date "2004.11.19"]
[Round "4"]
[White "Hadzimanolis,A"]
[Black "Soultatis,K"]
[Result "1-0"]
[WhiteElo "2314"]
[BlackElo "2135"]

1.e4 c5 2.c3 Nf6 3.e5 Nd5 4.d4 cxd4 5.cxd4 b6 6.Nc3 Nxc3 7.bxc3 Qc7 8.Bd2 e6
9.f4 Bb7 10.Nf3 d6 11.Bd3 g6 12.O-O Nd7 13.Qe2 Be7 14.a4 O-O 15.a5 Rfc8 16.Rfc1 bxa5
17.c4 a4 18.Rxa4 Bc6 19.Raa1 Qb6 20.Be3 d5 21.c5 Qd8 22.Bd2 a5 23.Ba6 a4
24.Bxc8 Qxc8 25.Rcb1 Qa6 26.Qxa6 Rxa6 27.Ne1 Ra8 28.Nd3 Bd8 29.Kf2 Nb8 30.Ke3 Na6
31.Ra2 Bc7 32.g4 Kf8 33.f5 Ke7 34.f6+ Kd7 35.Kf4 Rh8 36.Rba1 Rb8 37.Kg5 Rb3
38.Ra3 Rb8 39.Kh6 Bb5 40.Kxh7 Bxd3 41.Rxd3 Bxe5 42.c6+ Kxc6 43.Rc3+ Nc5 44.Rxc5+ Kd6
45.dxe5+ Kxc5 46.Rxa4 Rb7 47.Be3+ Kc6 48.Kg7 Kb5 49.Ra7  1-0

[Event "10th It"]
[Site "Tuzla BIH"]
[Date "2004.11.19"]
[Round "1"]
[White "Avdic,A"]
[Black "Majeric,Z"]
[Result "1/2-1/2"]
[WhiteElo "2261"]
[BlackElo "2408"]

1.e4 c5 2.c3 Nf6 3.e5 Nd5 4.d4 cxd4 5.Nf3 e6 6.cxd4 d6 7.a3 Be7 8.Bd3 Nd7
9.O-O b6 10.Nbd2 Nf4 11.Bb5 d5 12.g3 Ng6 13.Re1 O-O 14.h4 Nb8 15.Nf1 Bd7
16.Bd3 Re8 17.Ng5 Nf8 18.Qh5 Bxg5 19.Bxg5 Qc7 20.Bf6 Nc6 21.Qg4 Ng6 22.h5 gxf6
23.hxg6 f5 24.gxf7+ Kxf7 25.Qh5+ Kg8 26.Qg5+  1/2-1/2

[Event "TCh-AUT"]
[Site "Graz AUT"]
[Date "2004.11.20"]
[Round "2"]
[White "Sermek,D"]
[Black "Rotstein,A"]
[Result "1/2-1/2"]
[WhiteElo "2547"]
[BlackElo "2525"]

1.e4 c5 2.c3 Nf6 3.e5 Nd5 4.Nf3 e6 5.d4 cxd4 6.cxd4 d6 7.Bc4 Nb6 8.Bb3 dxe5
9.Nxe5 Nc6 10.Nxc6 bxc6 11.O-O Be7 12.Bf4 O-O 13.Nc3 Ba6 14.Re1 c5 15.dxc5 Qxd1
16.Rexd1 Bxc5 17.Na4 Nxa4 18.Bxa4 Bb7 19.b4 Bb6 20.Bd7 Bd5 21.a4 Rfd8 22.Bb5 a5
23.bxa5 Bxa5 24.Kf1 f6 25.f3 Kf7 26.Bg3 Ke7 27.Be1 Rdc8 28.Rac1  1/2-1/2

[Event "Acropolis IM Open"]
[Site "Athens GRE"]
[Date "2004.11.21"]
[Round "6"]
[White "Georgiadis,I"]
[Black "Valden,P"]
[Result "1-0"]
[WhiteElo "2129"]
[BlackElo "2204"]

1.e4 c5 2.c3 Nf6 3.e5 Nd5 4.d4 cxd4 5.Nf3 Nc6 6.Bc4 Nb6 7.Bb3 g6 8.Ng5 d5
9.exd6 e6 10.Qf3 Ne5 11.Qg3 Bxd6 12.Ne4 Nec4 13.Qd3 Qc7 14.Bxc4 Nxc4 15.Qxc4 Bxh2
16.Qxc7 Bxc7 17.cxd4 b6 18.Nbc3 a6 19.Bg5 f5 20.Nd2 Bb7 21.Nf3 Kf7 22.Ne5+ Kg7
23.Bh6+ Kf6 24.O-O g5 25.f4 gxf4 26.Bxf4 Rhg8 27.g3 Rad8 28.Rad1 h5 29.Kf2 b5
30.Ne2 Rg7 31.Ng1 h4 32.gxh4 Rg2+ 33.Ke3 Rc8 34.Ne2 Bb6 35.Nd7+  1-0

[Event "XXI WJun Women"]
[Site "Kochin IND"]
[Date "2004.11.22"]
[Round "6"]
[White "Perez Rodriguez,Je"]
[Black "Ghader Pour,S"]
[Result "0-1"]
[WhiteElo "2162"]
[BlackElo "2025"]

1.e4 c5 2.c3 Nf6 3.e5 Nd5 4.d4 cxd4 5.Nf3 e6 6.cxd4 d6 7.Bc4 Nb6 8.Bb5+ Bd7
9.Bd3 Bc6 10.O-O N8d7 11.Qe2 dxe5 12.dxe5 Be7 13.Nc3 O-O 14.Bf4 Nd5 15.Nxd5 Bxd5
16.Rad1 Rc8 17.Rfe1 Nc5 18.Bb1 Qb6 19.Ng5 h6 20.Nh7 Rfd8 21.Qg4 Kh8 22.Qh5 Ne4
23.Rxe4 Bxe4 24.Bxe4 g6 25.Qf3 Rxd1+ 26.Qxd1 Kxh7 27.Qf3 Qxb2 28.h4 Bxh4
29.g3 Be7 30.Kg2 f5 31.exf6 Qxf6 32.Bxb7 Rf8 33.Qe3 h5 34.Qxa7 e5 35.Be3 h4
36.Qa4 Kg7 37.Qg4 Qf5 38.a4 Qxg4 39.Bd5 Bb4 40.Bc6 Kf6 41.Bb6 Kf5 42.f3  0-1

[Event "17th Belgrade Trophy"]
[Site "Obrenovac SCG"]
[Date "2004.11.22"]
[Round "1"]
[White "Mladenovic,M"]
[Black "Lundin,J"]
[Result "0-1"]
[WhiteElo "1928"]
[BlackElo "2299"]

1.e4 c5 2.c3 Nf6 3.e5 Nd5 4.Nf3 e6 5.d4 cxd4 6.cxd4 b6 7.Bc4 Bb7 8.Bd2 d6
9.Nc3 Nxc3 10.Bxc3 Nd7 11.O-O Rc8 12.Bb3 dxe5 13.Nxe5 Nxe5 14.dxe5 Qxd1 15.Rfxd1 Bc6
16.Rac1 Be7 17.f4 O-O 18.h3 Rfd8 19.Rxd8+ Rxd8 20.Rd1 Rxd1+ 21.Bxd1 Bd5 22.a3 g5
23.g3 gxf4 24.gxf4 Bc5+ 25.Kh2 Bf2 26.Bc2 h5 27.f5 exf5 28.Bxf5 h4 29.Bd3 Kf8
30.Bf1 Ke7 31.Be2 Kd7 32.Bg4+ Kc6 33.Be2 Kd7 34.Bg4+ Kc6 35.Be2 b5 36.Bf1 Be4
37.Bg2 Bg3+ 38.Kg1 Bxg2 39.Kxg2 Kd5 40.Kf3 Bxe5 41.Kg4 Bxc3 42.bxc3 Ke4 43.Kxh4 f5
44.Kg5 f4 45.h4 f3 46.h5 f2 47.h6 f1=Q 48.h7 Qf8  0-1

[Event "XXI WJun Women"]
[Site "Kochin IND"]
[Date "2004.11.23"]
[Round "7"]
[White "Ghader Pour,S"]
[Black "Zhang Jilin"]
[Result "1/2-1/2"]
[WhiteElo "2025"]
[BlackElo "2287"]

1.e4 c5 2.c3 Nf6 3.e5 Nd5 4.d4 cxd4 5.Nf3 e6 6.cxd4 d6 7.Bc4 Nc6 8.O-O Be7
9.Qe2 O-O 10.Rd1 Na5 11.Bxd5 exd5 12.Nc3 Be6 13.Bf4 Re8 14.Nb5 Bg4 15.Rac1 Nc6
16.Qd3 a6 17.Nxd6 Bxd6 18.exd6 Re4 19.Ng5 Bxd1 20.Rxd1 Qf6 21.Nxe4 Qxf4 22.Nc5 Qxd6
23.Nxb7 Qb4 24.Qb3 Rb8 25.Nc5 a5 26.f3 Rb5 27.Kf2 Nxd4 28.Rxd4 Rxc5 29.Ke3 Kf8
30.Kd3 Ke7 31.Rxb4 Rc1 32.g4  1/2-1/2

[Event "Lushki B"]
[Site "Serpukhov RUS"]
[Date "2004.11.23"]
[Round "7"]
[White "Sobyanin,V"]
[Black "Masyagutova,L"]
[Result "1-0"]
[WhiteElo "2277"]
[BlackElo "2026"]

1.e4 c5 2.c3 Nf6 3.e5 Nd5 4.d4 cxd4 5.Nf3 b6 6.Bg5 Bb7 7.cxd4 Qc7 8.Nbd2 e6
9.Rc1 Bc6 10.Bc4 Qb7 11.O-O h6 12.Bh4 Be7 13.Bg3 O-O 14.a3 b5 15.Bd3 b4 16.Nc4 a5
17.Bb1 f5 18.exf6 Nxf6 19.Nh4 Be4 20.Ng6 Re8 21.Nxe7+ Rxe7 22.Nd6 Qd5 23.Rc8+ Kh7
24.Nxe4 Nxe4 25.f3  1-0

[Event "ch-ROM w KO"]
[Site "Brasov ROM"]
[Date "2004.11.24"]
[Round "3.1"]
[White "Peptan,C"]
[Black "Ionica,I"]
[Result "1-0"]
[WhiteElo "2429"]
[BlackElo "2240"]

1.e4 c5 2.c3 Nf6 3.e5 Nd5 4.g3 e6 5.Bg2 Nc6 6.Nf3 d6 7.exd6 Bxd6 8.O-O O-O
9.d4 cxd4 10.Nxd4 Nxd4 11.Qxd4 Qc7 12.Nd2 Bc5 13.Qe4 Rb8 14.Nb3 b6 15.Nxc5 Qxc5
16.c4 Nf6 17.Qh4 Bb7 18.Bxb7 Rxb7 19.Bg5 Qe5 20.Bxf6 gxf6 21.Rad1 Qg5 22.Qe4 Rc7
23.Rd4 f5 24.Qd3 Qg7 25.b3 e5 26.Rd6 e4 27.Qe3 Re7 28.Rfd1 f6 29.b4 Qg5 30.c5 bxc5
31.bxc5 f4 32.Qxf4 Qxc5 33.Rxf6 Rxf6 34.Qxf6 Qc7 35.Rd5 h6 36.Qg6+ Rg7 37.Qe8+ Kh7
38.Qxe4+  1-0

[Event "RusFed Internet Blitz Cup"]
[Site "ChessAssistantClub INT"]
[Date "2004.11.25"]
[Round "9"]
[White "Vysochin,S"]
[Black "Pugachov,A"]
[Result "1-0"]
[WhiteElo "2582"]
[BlackElo "2449"]

1.e4 c5 2.c3 Nf6 3.e5 Nd5 4.Nf3 d6 5.d4 cxd4 6.cxd4 Nc6 7.Bc4 e6 8.O-O Be7
9.Qe2 O-O 10.Re1 a6 11.a3 Bd7 12.Bd3 f5 13.Nc3 Nxc3 14.bxc3 d5 15.c4 dxc4
16.Bxc4 Na5 17.Ba2 Kh8 18.d5 exd5 19.Bxd5 Bb5 20.Qa2 Rc8 21.Bf4 Bc4 22.Bxc4 Nxc4
23.Rad1 Qa5 24.Bg5 Bxg5 25.Nxg5 b5 26.e6 h6 27.Nf7+ Kg8 28.Qb1 Qxa3 29.Qxf5 Qe7
30.Qg6 Qf6 31.Nxh6+ Kh8 32.Nf7+ Kg8 33.Qh5 Rxf7 34.exf7+ Qxf7 35.Qh4 Rf8
36.h3 a5 37.Re7 Qf6 38.Qxf6 Rxf6 39.Rd8+ Kh7 40.Rdd7 Rg6 41.f4 a4 42.f5 Rg5
43.f6 a3 44.fxg7 Rxg7 45.Rxg7+ Kh6 46.Ra7 a2 47.Rgb7 Na3 48.Rxa3 b4 49.Rxb4  1-0

[Event "17th Belgrade Trophy"]
[Site "Obrenovac SCG"]
[Date "2004.11.25"]
[Round "4"]
[White "Grigore,N"]
[Black "Bojovic,D"]
[Result "1-0"]
[WhiteElo "2354"]
[BlackElo "2166"]

1.e4 c5 2.c3 Nf6 3.e5 Nd5 4.d4 cxd4 5.Nf3 e6 6.cxd4 Na6 7.a3 Be7 8.Bd3 O-O
9.O-O Nac7 10.Nc3 Kh8 11.Qe2 f5 12.exf6 gxf6 13.Nxd5 Nxd5 14.Be4 Nc7 15.Bh6 Rg8
16.Rac1 f5 17.Ne5 Qe8 18.Bf3 Nd5 19.Bh5 Rg6 20.Nxg6+ hxg6 21.Bf3 Nb6 22.Qe5+  1-0

[Event "Petrosian Mem Open"]
[Site "Yerevan ARM"]
[Date "2004.11.26"]
[Round "8"]
[White "Khachatryan,V"]
[Black "Kotanjian,T"]
[Result "1/2-1/2"]
[WhiteElo "2317"]
[BlackElo "2472"]

1.e4 c5 2.c3 Nf6 3.e5 Nd5 4.Nf3 Nc6 5.d4 cxd4 6.cxd4 d6 7.Bc4 Nb6 8.Bb3 dxe5
9.Nxe5 e6 10.Nf3 Be7 11.O-O Bf6 12.Be3 Nd5 13.Nc3 Nxc3 14.bxc3 O-O 15.Qd3 b6
16.Rfd1 Bb7 17.Rac1 Na5 18.Bc2 g6 19.Bh6 Bg7 20.Bxg7 Kxg7 21.Bb3 Rc8 22.c4 Rc7
23.Qe3 Bxf3 24.Qxf3 Qf6 25.Qe3 Rfc8 26.c5 Nb7 27.cxb6 Rxc1 28.Rxc1 Rxc1+
29.Qxc1 axb6 30.d5 Nc5 31.dxe6 Nxb3 32.axb3 Qxe6 33.Qd1 h5 34.g3 Qe5 35.h4 Qe4
36.Qa1+ Kg8 37.Qc3 b5 38.b4 Qd5  1/2-1/2

[Event "17th Belgrade Trophy"]
[Site "Obrenovac SCG"]
[Date "2004.11.28"]
[Round "7"]
[White "Savic,Miod1"]
[Black "Rmus,A"]
[Result "1/2-1/2"]
[WhiteElo "2503"]
[BlackElo "2359"]

1.e4 c5 2.c3 Nf6 3.e5 Nd5 4.Nf3 Nc6 5.d4 cxd4 6.Bc4 Nb6 7.Bb3 d6 8.exd6 Qxd6
9.O-O Be6 10.Bxe6 Qxe6 11.Nxd4 Qd7 12.Nxc6 Qxc6 13.b3 g6 14.Qd4 f6 15.Rd1 e5
16.Qh4 Nd5 17.c4 Ne7 18.Nc3 Nf5 19.Qh3 Bc5 20.Nd5 Rd8 21.Be3 Kf7 22.Rd2 h5
23.Rad1 Bd4 24.Bxd4 Nxd4 25.f4 Nf5 26.fxe5 Qc5+ 27.Rf2 fxe5 28.Qg3 Rhe8 29.Qg5 Kg7
30.Rf1 Rf8 31.h3 Rde8 32.Kh2 Qc8 33.g4 hxg4 34.hxg4 Nh6 35.Rxf8 Rxf8 36.Qxe5+ Kh7
37.Qe7+ Kg8 38.Rxf8+ Qxf8 39.Qxf8+ Kxf8 40.Kg3 g5 41.Kf3 Kf7 42.Nc3 Ke7 43.Nb5 a6
44.Nc3 Kd7 45.Ne4 Nf7 46.Nf2 Ke6 47.Ke4 Ne5 48.Kd4 b6 49.Ke3 Ke7 50.Ke4 Ke6
51.a3 a5 52.a4 Nd7 53.Ke3 Ne5 54.Kd4 Nc6+ 55.Ke3 Ne5 56.Ke4 Nd7 57.Kf3 Ke5
58.Ke3 Nc5 59.Nd3+ Kd6 60.Nc1 Ke5 61.Nd3+ Kd6 62.Nxc5 bxc5  1/2-1/2

[Event "TCh-SLO"]
[Site "Celje SLO"]
[Date "2004.11.29"]
[Round "1"]
[White "Mikac,M"]
[Black "Podkriznik,G"]
[Result "1/2-1/2"]
[WhiteElo "2358"]
[BlackElo "2373"]

1.e4 c5 2.c3 Nf6 3.e5 Nd5 4.d4 cxd4 5.cxd4 e6 6.Bc4 d6 7.Nf3 Nc6 8.O-O Be7
9.Qe2 O-O 10.Nc3 Nxc3 11.bxc3 dxe5 12.dxe5 Qc7 13.Qe4 Bd7 14.Bd3 g6 15.Bh6 Rfd8
16.Rad1 Be8 17.Qf4 Rd5 18.Be4  1/2-1/2

[Event "TCh-SLO"]
[Site "Celje SLO"]
[Date "2004.11.29"]
[Round "1"]
[White "Stevic,H"]
[Black "Cvitan,O"]
[Result "1/2-1/2"]
[WhiteElo "2539"]
[BlackElo "2532"]

1.e4 c5 2.c3 Nf6 3.e5 Nd5 4.d4 cxd4 5.Nf3 d6 6.cxd4 Nc6 7.Bc4 e6 8.O-O Be7
9.exd6 Qxd6 10.Nc3 O-O 11.Re1  1/2-1/2